=LDR 00000nam 2200000 4500 =001 INLIS000000000016371 =005 20130612111642 =008 ***********************************Ind** =035 ##$$0010-061300000016371 =041 ##$$a Ind =082 ##$$a 028.5 =090 ##$$a 028.5, Bru t =100 ##$$a Brunelli, Roberto =245 ##$$a 366 kisah alkitab, iring-iringan ratu syeba, Roberto Brunelli ; diterjemahkan oleh Esther S. Mandjani =260 ##$$a 1996 $b Bogor =300 ##$$a 24 hlm., ilus, 19 cm =650 ##$$a Bacaan kanak-kanak =650 ##$$a Terjemahan =700 ##$$a Manjani, Esther S =850 ##$$a NBPNMAT